000 02276cam a22005417i 4500
001 data
005 20260322212101.0
008 data
035 _a18461275
906 _a7
_bcbc
_ccopycat
_d2
_encip
_f20
_gy-gencatlg
925 0 _aacquire
_b1 shelf copy
_xSel/rjc, 2015-08-11
955 _wxl05 2015-11-30 (telework)
010 _a 2015931770
016 7 _a101662179
_2DNLM
020 _a9780128012826
_qpbk.
020 _a012801282X
_qpbk.
035 _a(OCoLC)878501771
040 _aNLM
_beng
_cNLM
_erda
_dDLC
_dBTCTA
_dLTSCA
_dOUP
_dOCLCF
_dDLC
042 _alccopycat
_alccopycat
050 0 0 _aR733
_b.P38 2015
060 0 0 _a2015 F-906
060 1 0 _aWB 113
082 0 0 _a610.72
_223
100 1 _aPatwardhan, Bhushan,
_eauthor.
245 1 0 _aIntegrative approaches for health :
_bbiomedical research, ayurveda and yoga /
_cBhushan Patwardhan, PhD, FAMS, Interdisciplinary School of Health Sciences, Savitribai Phule Pune University, Ganeshkind, Pune, India, Gururaj Mutalik, MD, FAMS, Jijnyasa Foundation for Education and Reseatrch, Sarasota, FL, USA, Girish Tillu, MD, Interdisciplinary School of Health Sciences, Savitribai Phule Pune University, Ganeshkind, Pune, India.
264 1 _aBoston :
_aBoston :
_bElsevier/AP, Academic Press is an imprint of Elsevier,
_c[2015]
264 4 _c©2015
300 _axxiii, 357 pages :
_billustrations, portraits ;
_c24 cm
336 _atext
_btxt
_2rdacontent
337 _aunmediated
_bn
_2rdamedia
338 _avolume
_bnc
_2rdacarrier
504 _aIncludes bibliographical references and index.
650 0 _aIntegrative medicine.
650 0 _aMedicine
_xResearch.
650 0 _aMedicine, Ayurvedic.
650 0 _aYoga.
650 1 2 _aIntegrative Medicine.
650 2 2 _aEvidence-Based Medicine.
650 2 2 _aMedicine, Ayurvedic.
650 2 2 _aYoga.
650 7 _aIntegrative medicine.
_2fast
_0(OCoLC)fst00975672
650 7 _aMedicine, Ayurvedic.
_2fast
_0(OCoLC)fst01015196
650 7 _aMedicine
_xResearch.
_2fast
_0(OCoLC)fst01015059
650 7 _aYoga.
_2fast
_0(OCoLC)fst01182871
700 1 _aMutalik, Gururaj,
_eauthor.
700 1 _aTillu, Girish,
_eauthor.
999 _c1465
_d1465